[Event "Cali Valle Colombia op-B"]
[Site "Cali Valle Colombia"]
[Date "2022.12.30"]
[Round "8"]
[White "Gutierrez Bermudez, Ivan"]
[Black "Mejias Cuevas, Jhon Deiby"]
[Result "1/2-1/2"]
[WhiteElo "1743"]
[BlackElo "1600"]
[PlyCount "103"]
[EventDate "2022.12.26"]
[EventType "swiss"]
[EventRounds "8"]
[EventCountry "COL"]
[SourceTitle "CBM 211 Extra"]
[Source "ChessBase"]
[SourceDate "2023.01.31"]
[SourceVersion "1"]
[SourceVersionDate "2023.01.31"]
[SourceQuality "1"]

1. e4 e5 2. Nf3 Nc6 3. c4 Nf6 4. Nc3 Bc5 5. h3 d6 6. d3 h6 7. Be2 Nd4 8. 0-0 Nxf3+ 9. Bxf3 c6 10. Qc2 g5 11. Qd1 g4 12. hxg4 Rg8 13. Be3 Nxg4 14. Bxc5 dxc5 15. Bxg4 Bxg4 16. f3 Bh3 17. Rf2 Qd4 18. Kf1 Be6 19. Ke2 0-0-0 20. Qc2 f5 21. Rc1 f4 22. Nd1 Rd7 23. Qc3 Qd6 24. b3 Rdg7 25. Kf1 h5 26. Rcc2 h4 27. a3 h3 28. gxh3 Bxh3+ 29. Ke2 Rg3 30. b4 Rh8 31. b5 Kc7 32. a4 Bg2 33. Rb2 Rhh3 34. Qa5+ Kb8 35. bxc6 Qxc6 36. Qd8+ Qc8 37. Qd6+ Qc7 38. Qf8+ Qc8 39. Qd6+ Ka8 40. a5 Bxf3+ 41. Rxf3 Rxf3 42. a6 Rh2+ 43. Ke1 Rxb2 44. Nxb2 bxa6 45. Na4 Re3+ 46. Kd2 Rg3 47. Nxc5 Rg6 48. Qxe5 Rc6 49. Qd5 Kb8 50. Qe5+ Qc7 51. Qe8+ Qc8 52. Qe5+ 1/2-1/2

[Event "Cali Valle Colombia op-B"]
[Site "Cali Valle Colombia"]
[Date "2022.12.28"]
[Round "5"]
[White "Mejias Cuevas, Jhon Deiby"]
[Black "Velasquez Soto, Jair Andres"]
[Result "0-1"]
[WhiteElo "1600"]
[BlackElo "1641"]
[PlyCount "76"]
[EventDate "2022.12.26"]
[EventType "swiss"]
[EventRounds "8"]
[EventCountry "COL"]
[SourceTitle "CBM 211 Extra"]
[Source "ChessBase"]
[SourceDate "2023.01.31"]
[SourceVersion "1"]
[SourceVersionDate "2023.01.31"]
[SourceQuality "1"]

1. e4 d6 2. d4 Nf6 3. Nc3 g6 4. Bg5 c6 5. Qd2 Nbd7 6. f4 h6 7. Bh4 b5 8. Bd3 Nb6 9. h3 Nc4 10. Bxc4 bxc4 11. Nf3 Bg7 12. 0-0 0-0 13. e5 Nd5 14. exd6 Qxd6 15. Ne5 f5 16. Nxc4 Qc7 17. Ne5 Bxe5 18. fxe5 Kg7 19. g4 Ba6 20. Nxd5 cxd5 21. Rf2 fxg4 22. hxg4 Qd7 23. Rg2 Rab8 24. b4 Rf3 25. a4 Bc4 26. Kh2 Rbf8 27. b5 R8f4 28. Rag1 Bf1 29. Rxf1 Rxf1 30. Qe2 R4f3 31. e6 Qc7+ 32. Bg3 Qc3 33. Qe5+ Kh7 34. Qxd5 Qa1 35. Kh3 Rh1+ 36. Rh2 Qf1+ 37. Kh4 Rxh2+ 38. Bxh2 Rh3# 0-1